airbus aircraft first flight dates. - Statistics

General Stats
  • This quiz has been taken 13 times
  • The average score is 12 of 13
Answer Stats
Hint Answer % Correct
A320neo 2014
100%
A350-1000 2016
100%
A330neo 2017
100%
A310 1982
90%
A320 1987
90%
A340 1991
90%
A330 1992
90%
A318 2002
90%
A380 2005
90%
A350 2013
90%
A300 1972
80%
A321 1993
80%
A319 1995
80%
No matching quizzes found
Score Distribution
Percent of People with Each Score
Percentile by Number Answered
Your Score History
You have not taken this quiz